000 02902nam0a2200433 4500
001 RU\NLR\BIBL_A\022595128
005 20260420051547.0
010 _a978-5-238-04032-5
_91000
021 _aRU
_bКН-П-25-033194
_9КН-П-25-3277
035 _a(NLR Aleph) 022595128
090 _a13680152
_c13680152
100 _a20250801d2025 u y0rusy50 ca
101 0 _arus
102 _aRU
105 _aa j 010yy
181 0 _ai
_bxxxe
182 0 _an
200 1 _aБанковское право
_dBanking law
_eучебник для студентов высших учебных заведений, обучающихся по направлениям подготовкии: "Юриспруденция", "Финансы и кредит"
_f[Н. Д. Эриашвили – кандидат юридических наук, кандидат исторических наук, доктор экономических наук, профессор, А. И. Григорьев, О. А. Багишев – кандидаты юридических наук, доценты, и др.]
_gпод редакцией лауреата премии Правительства РФ в области науки и техники, лауреата премии Правительства РФ в области образования, кандидата юридических наук, доктора экономических наук, профессора Н. Д. Эриашвили
_zeng
203 _aТекст
_bвизуальный
_cнепосредственный
205 _a10-е изд., перераб. и доп.
210 _aМосква
_cЮНИТИ
_d2025
215 _a359 с.
_cил., табл.
_d22
225 1 _aЗолотой фонд российских учебников
300 _aАвт. указаны на с. 7
300 _aНа пер.: 10-е изд.
300 _aНа тит. с. также: К 80-летию Победы в Великой Отечественной войне
301 _aNIION 2025-K/1166
301 _aMOSURED 77/25K-166
320 _aБиблиогр.: с. 353–356 и в подстроч. примеч.
510 1 _6z11790
_aBanking law
_zeng
606 1 _aБанковское право
_jУчебники для высших учебных заведений
_yРоссийская Федерация
_92127151
_3RU\NLR\AUTH\661283814
686 1 _aХ623.212.321я73
701 1 _7ca
_8rus
_aЭриашвили
_bН. Д.
_f1960-
_gНодари Дарчоевич
_911409
_3RU\NLR\AUTH\7728378
701 1 _7ca
_8rus
_aГригорьев
_bА. И.
_cканд. юрид. наук
_gАлександр Иванович
_935453
_3RU\NLR\AUTH\7752520
701 1 _aБагишев
_bО. А.
_gОлег Алексеевич
942 _cBOOK
980 _aNB